000 00821cam a22002653a 4500
001 25725
003 PGUSA
005 20140828083543.0
008 080608s2008||||xxu|||||s|||||000 1 eng d
040 _aPGUSA
_beng
042 _adc
050 4 _aPS
100 1 _aBurnett, Frances Hodgson,
_d1849-1924
245 1 0 _aThat Lass O' Lowrie's :
_b1877
_h[electronic resource] /
_cFrances Hodgson Burnett
260 _bProject Gutenberg,
_c2008
506 _aPublic domain in the USA.
516 _aElectronic text
653 _aLancashire (England) -- Fiction
653 _aFriendship -- Fiction
653 _aEngland -- Social life and customs -- 19th century -- Fiction
653 _aCoal miners -- Fiction
830 0 _aProject Gutenberg
_v25725
856 4 0 _uhttp://www.gutenberg.org/ebooks/25725
942 _cEB
999 _c254980
_d254980